<?xml version="1.0" encoding="UTF-8"?>
<record
    xmlns:xsi="http://www.w3.org/2001/XMLSchema-instance"
    xsi:schemaLocation="http://www.loc.gov/MARC21/slim http://www.loc.gov/standards/marcxml/schema/MARC21slim.xsd"
    xmlns="http://www.loc.gov/MARC21/slim">

  <leader>01701nam a2200481 i 4500</leader>
  <controlfield tag="001">54507</controlfield>
  <controlfield tag="003">KOSZ 005</controlfield>
  <controlfield tag="005">20201217142015.0</controlfield>
  <controlfield tag="008">080116s2007    pl       l   |001 0 pol  </controlfield>
  <datafield tag="015" ind1=" " ind2=" ">
    <subfield code="a">UWD 2008/1343</subfield>
  </datafield>
  <datafield tag="020" ind1=" " ind2=" ">
    <subfield code="a">9788374834285</subfield>
  </datafield>
  <datafield tag="035" ind1=" " ind2=" ">
    <subfield code="a">991039276859705066</subfield>
  </datafield>
  <datafield tag="035" ind1=" " ind2=" ">
    <subfield code="a">(PL-WaBN)b20506867-48omnis_nlop</subfield>
  </datafield>
  <datafield tag="035" ind1=" " ind2=" ">
    <subfield code="a">b20506867</subfield>
  </datafield>
  <datafield tag="035" ind1=" " ind2=" ">
    <subfield code="a">(OCoLC)832741973</subfield>
  </datafield>
  <datafield tag="035" ind1=" " ind2=" ">
    <subfield code="a">(PL)b0000002050686</subfield>
  </datafield>
  <datafield tag="035" ind1=" " ind2=" ">
    <subfield code="a">(EXLNZ-48OMNIS_NETWORK)9910031628305606</subfield>
  </datafield>
  <datafield tag="040" ind1=" " ind2=" ">
    <subfield code="a">WA N</subfield>
    <subfield code="c">WA N</subfield>
    <subfield code="d">KOSZ 005/HR</subfield>
  </datafield>
  <datafield tag="046" ind1=" " ind2=" ">
    <subfield code="k">2003</subfield>
  </datafield>
  <datafield tag="080" ind1=" " ind2=" ">
    <subfield code="a">347.2(438)</subfield>
  </datafield>
  <datafield tag="245" ind1="0" ind2="0">
    <subfield code="a">Prawo rzeczowe /</subfield>
    <subfield code="c">red. Edward Gniewek ; aut. Andrzej Cisek [et al.].</subfield>
  </datafield>
  <datafield tag="250" ind1=" " ind2=" ">
    <subfield code="a">2. wyd.</subfield>
  </datafield>
  <datafield tag="260" ind1=" " ind2=" ">
    <subfield code="a">Warszawa :</subfield>
    <subfield code="b">Wydawnictwo C. H. Beck :</subfield>
    <subfield code="b">Instytut Nauk Prawnych PAN,</subfield>
    <subfield code="c">2007.</subfield>
  </datafield>
  <datafield tag="300" ind1=" " ind2=" ">
    <subfield code="a">XXIII, [1], 959 s. ;</subfield>
    <subfield code="c">25 cm.</subfield>
  </datafield>
  <datafield tag="336" ind1=" " ind2=" ">
    <subfield code="a">Tekst</subfield>
    <subfield code="b">txt</subfield>
    <subfield code="2">rdacontent</subfield>
  </datafield>
  <datafield tag="337" ind1=" " ind2=" ">
    <subfield code="a">Bez urz&#x105;dzenia po&#x15B;rednicz&#x105;cego</subfield>
    <subfield code="b">n</subfield>
    <subfield code="2">rdamedia</subfield>
  </datafield>
  <datafield tag="338" ind1=" " ind2=" ">
    <subfield code="a">Wolumin</subfield>
    <subfield code="b">nc</subfield>
    <subfield code="2">rdacarrier</subfield>
  </datafield>
  <datafield tag="380" ind1=" " ind2=" ">
    <subfield code="a">Ksi&#x105;&#x17C;ki</subfield>
  </datafield>
  <datafield tag="388" ind1=" " ind2=" ">
    <subfield code="a">2001-</subfield>
  </datafield>
  <datafield tag="490" ind1="1" ind2=" ">
    <subfield code="a">System prawa prywatnego / red. nacz. Zbigniew Radwa&#x144;ski  ;</subfield>
    <subfield code="v">t. 4</subfield>
  </datafield>
  <datafield tag="504" ind1=" " ind2=" ">
    <subfield code="a">Bibliogr. przy rozdz. Indeks.</subfield>
  </datafield>
  <datafield tag="650" ind1=" " ind2="7">
    <subfield code="a">Prawo rzeczowe</subfield>
    <subfield code="2">DBN</subfield>
  </datafield>
  <datafield tag="651" ind1=" " ind2="7">
    <subfield code="a">Polska</subfield>
    <subfield code="2">DBN</subfield>
  </datafield>
  <datafield tag="658" ind1=" " ind2=" ">
    <subfield code="a">Prawo i wymiar sprawiedliwo&#x15B;ci</subfield>
  </datafield>
  <datafield tag="700" ind1="1" ind2=" ">
    <subfield code="a">Cisek, Andrzej</subfield>
    <subfield code="d">(1952-2010)</subfield>
    <subfield code="e">Autor</subfield>
  </datafield>
  <datafield tag="700" ind1="1" ind2=" ">
    <subfield code="a">Gniewek, Edward</subfield>
    <subfield code="d">(1947- )</subfield>
    <subfield code="e">Redakcja</subfield>
  </datafield>
  <datafield tag="700" ind1="1" ind2=" ">
    <subfield code="a">Radwa&#x144;ski, Zbigniew</subfield>
    <subfield code="d">(1924-2012)</subfield>
    <subfield code="e">Redakcja</subfield>
  </datafield>
  <datafield tag="710" ind1="2" ind2=" ">
    <subfield code="a">Wydawnictwo C.H. Beck</subfield>
    <subfield code="4">pbl</subfield>
  </datafield>
  <datafield tag="830" ind1=" " ind2="0">
    <subfield code="a">System prawa prywatnego</subfield>
    <subfield code="v">t. 4</subfield>
  </datafield>
  <datafield tag="856" ind1=" " ind2=" ">
    <subfield code="u">http://koha.tu.koszalin.pl/cgi-bin/koha/opac-detail.pl?biblionumber=54507</subfield>
    <subfield code="y">Katalog online BPK</subfield>
  </datafield>
  <datafield tag="942" ind1=" " ind2=" ">
    <subfield code="2">UKD</subfield>
    <subfield code="c">KS</subfield>
  </datafield>
  <datafield tag="999" ind1=" " ind2=" ">
    <subfield code="c">54507</subfield>
    <subfield code="d">54507</subfield>
  </datafield>
  <datafield tag="952" ind1=" " ind2=" ">
    <subfield code="0">0</subfield>
    <subfield code="1">0</subfield>
    <subfield code="4">0</subfield>
    <subfield code="7">0</subfield>
    <subfield code="a">BPK</subfield>
    <subfield code="b">BPK</subfield>
    <subfield code="c">w</subfield>
    <subfield code="o">86003</subfield>
    <subfield code="p">02404523</subfield>
    <subfield code="y">KS</subfield>
  </datafield>
</record>
